<?xml version="1.0" encoding="UTF-8"?>
<record
    xmlns:xsi="http://www.w3.org/2001/XMLSchema-instance"
    xsi:schemaLocation="http://www.loc.gov/MARC21/slim http://www.loc.gov/standards/marcxml/schema/MARC21slim.xsd"
    xmlns="http://www.loc.gov/MARC21/slim">

  <leader>00666nam a22002057a 4500</leader>
  <controlfield tag="003">BD-DhUL</controlfield>
  <controlfield tag="005">20190327112611.0</controlfield>
  <controlfield tag="008">190327s2003    ii ||||| |||| 00| 0 urd d</controlfield>
  <datafield tag="020" ind1=" " ind2=" ">
    <subfield code="a">8176500445</subfield>
  </datafield>
  <datafield tag="040" ind1=" " ind2=" ">
    <subfield code="a">BD-DhUL</subfield>
    <subfield code="c">BD-DhUL</subfield>
  </datafield>
  <datafield tag="082" ind1=" " ind2=" ">
    <subfield code="a">891.4391</subfield>
    <subfield code="b">MAI</subfield>
  </datafield>
  <datafield tag="100" ind1="1" ind2=" ">
    <subfield code="a">Mohmood, Tariq = &#x645;&#x62D;&#x645;&#x648;&#x62F;&#x60C; &#x637;&#x631;&#x6CC;&#x642; </subfield>
  </datafield>
  <datafield tag="245" ind1="1" ind2="0">
    <subfield code="a">&#x627;&#x646;&#x62A;&#x62E;&#x627;&#x628; &#x6A9;&#x644;&#x627;&#x645; &#x641;&#x6CC;&#x636; &#x627;&#x62D;&#x645;&#x62F; &#x641;&#x6CC;&#x636; /</subfield>
    <subfield code="c">Tariq Mahmood = &#x637;&#x631;&#x6CC;&#x642; &#x645;&#x62D;&#x645;&#x648;&#x62F;</subfield>
    <subfield code="b">          </subfield>
  </datafield>
  <datafield tag="246" ind1=" " ind2=" ">
    <subfield code="a">Intikhab-e kal&#x101;m-e Faiz Ahmad Faiz</subfield>
  </datafield>
  <datafield tag="260" ind1=" " ind2=" ">
    <subfield code="a">&#x646;&#x626; &#x62F;&#x6BE;&#x644;&#x6CC; : </subfield>
    <subfield code="b">&#x633;&#x679;&#x631; &#x67E;&#x628;&#x644;&#x6A9;&#x6CC;&#x634;&#x646;&#x632;&#x60C;</subfield>
    <subfield code="c">&#x6F2;&#x6F0;&#x6F0;&#x6F3;&#x6D4;</subfield>
  </datafield>
  <datafield tag="300" ind1=" " ind2=" ">
    <subfield code="a">&#x635;&#x6D4; &#x6F2;&#x6F4;&#x6F7; &#x61B; </subfield>
    <subfield code="c">&#x6F2;&#x6F0; &#x633;&#x645;&#x6D4;</subfield>
  </datafield>
  <datafield tag="365" ind1=" " ind2=" ">
    <subfield code="a">Irs</subfield>
    <subfield code="b">350.00</subfield>
  </datafield>
  <datafield tag="650" ind1=" " ind2="4">
    <subfield code="a">Urdu poetry</subfield>
  </datafield>
  <datafield tag="942" ind1=" " ind2=" ">
    <subfield code="2">ddc</subfield>
    <subfield code="c">BK</subfield>
  </datafield>
  <datafield tag="999" ind1=" " ind2=" ">
    <subfield code="c">246815</subfield>
    <subfield code="d">246815</subfield>
  </datafield>
  <datafield tag="952" ind1=" " ind2=" ">
    <subfield code="0">0</subfield>
    <subfield code="1">0</subfield>
    <subfield code="2">ddc</subfield>
    <subfield code="4">0</subfield>
    <subfield code="6">891_439100000000000_MAI</subfield>
    <subfield code="7">0</subfield>
    <subfield code="8">NFIC</subfield>
    <subfield code="9">375344</subfield>
    <subfield code="a">DUL</subfield>
    <subfield code="b">DUL</subfield>
    <subfield code="c">GEN</subfield>
    <subfield code="d">2005-11-05</subfield>
    <subfield code="e">purchased</subfield>
    <subfield code="o">891.4391 MAI</subfield>
    <subfield code="p">413583</subfield>
    <subfield code="r">2019-03-27</subfield>
    <subfield code="t">1</subfield>
    <subfield code="w">2019-03-27</subfield>
    <subfield code="y">BK</subfield>
  </datafield>
</record>
